00498nam a2200157Ia 4500003000400000008004100004040001600045082001300061100001700074245012400091260005100215300001000266650001200276650002000288650003200308GCL140319s9999 xx 000 0 eng d aGCL / cGCL04a574bO T1 aOSPORAT, DAV10aTHE DEVELOPMENT OF DARWIN'S THEORY: NATURAL HISTORY NATURAL THEOLOGY AND NATURAL SELECTION 1838 - 1859 / cOSPORAT, DAV a[S.N] : bCAMBRIDGE UNIVERSITY PRESS ، c1995 a301 P04aBIOLOGY04aNATURAL HISTORY04aDARWIN, CHARLES 1809 - 1882